000 02228cam a22004454i 4500
003 PE-LiUPU
005 20250731165423.0
008 160125s2015 pe grm 000 0 spa d
035 _a(Sirsi) a155798
040 _aPE-LiUPU
_bspa
_cPE-LiUPU
_erda
099 _aTE 3
_bM42 2015
100 1 _aMendoza Galarza, Maritza Julia
_eautor
245 1 0 _aApego y autoconcepto en estdiantes de 5to grado de nivel primario de Instituciones Educativas Públicas, 2014 /
_cMartitza Julia Mendoza Galarza.
264 0 _c2015.
300 _a125 hojas
_c30 cm
336 _atext
_2rdacontent
337 _aunmediated
_2rdamedia
338 _avolume
_2rdacarrier
502 _aTesis
_b(Mg.) --
_cUniversidad Peruana Unión,
_d2015.
504 _aIncluye referencias
520 3 _aLa presente investigación tiene el objetivo de estudiar la relación del apego seguro padre y madre con el autoconcepto, en 178 escolares, cuyas edades se encentran entre 9 y 13 años, en las instituciones educativas públicas de Lima Este. Para evaluar el apego se utilizó la escala de seguridad de apego de Kems que contiene dos dimensiones: disponibilidad y confianza, dicha escala fue traducida y adaptada culturalmente por Richaud de Minzi, Sachi y Moreno (2003) y se recurrió a la escala de autoconcepto para niños de Mc. Daniel-Piers (1984). Los resultados indicaron que existe una relación altamente significativa del apego seguro del padre (rho=,344; p<.01) y la madre (rho=,400;<.01) con el nivel de autoconcepto. De manera similar ocurre con las dimensiones del autoconcepto. Se concluye que cuanto más seguro es el apego de la figura paterna y materna, mayor autoconcepto global se presenta en los alumnos.
526 _aSEG44
526 _aSEG26
526 _aP151
526 _aP150
526 _aP149
526 _aP146
526 _aP145
526 _aP126
526 _aP125
526 _aP92
526 _aP75
526 _aP74
526 _aP27
526 _aP15
650 1 4 _aApego (Psicología).
596 _a1
942 _2ddc
_cTESIS
999 _aTE 3 M42 2015
_wALPHANUM
_c8471
_iT01879
_lCCODEBUL3
_mBUL
_r1
_sY
_tTESIS
_u2016-1-25
_xPOSGRADO
_PP57
_o.STAFF. Tesis
_d8471
980 _81
_gALBERTO SANCHEZ Responsable de Automatización